Statistiques concernant Dessins Animés français en images

Cliquez ici pour prendre le quiz!

Statistiques générales

  • Ce quiz a été pris 1 685 fois
  • Le résultat moyen est 16 sur 30

Statistiques - réponses

Réponse% Correct
Foot 2 Rue
98%
Oggy et les cafards
92%
Totally Spies
91%
T'Choupi et Doudou
90%
La Famille Pirate
89%
Miraculous, les aventures de Ladybug et Chat Noir
89%
Ratz
86%
Babar
85%
SamSam
80%
Les Zinzins de l'espace
77%
Corneil & Bernie
76%
Les histoires du Père Castor
76%
Il était une fois... la vie
75%
Code Lyoko
73%
Martin Mystere
70%
Les As de la jungle à la rescousse
68%
Galactik Football
51%
Shuriken School
48%
Pyjamasques
47%
Martin Matin
42%
Denver, le dernier dinosaure
36%
Kangoo
31%
W.I.T.C.H.
15%
Albert, le cinquième mousquetaire
8%
Les aventures d'une mouche
7%
Esprit fantômes
5%
Robinson Sucroe
3%
Ghost Force
2%
Les Jules, chienne de vie...
1%
Norman Normal
1%

Distribution des résultats

Percentile par nombre de réponses

% des personnes avec chaque résultat

Votre développement - résultats

Vous n’avez pas pris ce quiz